Województwa Polska według granic - Statystyki

Ogólne statystyki
  • Ten quiz został rozwiązany 497 razy
  • Średni wynik to 15 z 16
Odpowiedzi na mapie
Odpowiedzi zakodowano w zielono-czerwonej skali na mapie do tego quizu, zgodnie z poniższymi procentami.
 
Statystyki odpowiedzi
Województwa % Poprawnych
Wielkopolskie
99%
Kujawsko - pomorskie
97%
Opolskie
97%
Pomorskie
97%
Warmińsko - mazurskie
97%
Dolnośląskie
96%
Łódzkie
96%
Lubuskie
96%
Mazowieckie
96%
Świętokrzyskie
96%
Zachodniopomorskie
96%
Lubelskie
95%
Podlaskie
95%
Małopolskie
93%
Śląskie
93%
Podkarpackie
89%
Nie znaleziono quizów pasujących do podanych kryteriów
Rozkład punktacji
Procent ludzi z każdym wynikiem
Percentyl według liczby udzielonych odpowiedzi
Twoja historia wyników
Nie rozwiązałeś tego quizu